000 00799nam a2200241 4500
001 13533
003 BD-JhCC
005 20240117101553.0
008 170924s2022 bg |||| ||a| 000 0 ben d
020 _a9789849221234
035 _a(BD-JhCC)13533
040 _aBD-JhCC
_cBD-JhCC
_dBD-JhCC
041 _abengali
082 _a297.63
_bASD 2022
100 _aআসআদুজ্জামান,মুহাম্মদ
245 _aকিশোরদের প্রিয় মুহাম্মাদ (স) /
_cমুহাম্মদ আসআদুজ্জামান।
260 _aঢাকা :
_bরাহনুমা প্রকাশনী ;
_c2022.
300 _a383 p. :
_c22 cm.
650 _aMuhammad, Prophet
650 _aMuslim
942 _2ddc
_cBK
_04
999 _c13533
_d13533